00816na a2200181 450000100060000000300080000600500170001400800410003104000250007204100080009708200240010511000390012924502030016826000310037130000180040250501360042061000780055621776MIRAKIL20181213155009.0170207b tu 000 0  aMilasbturcTR-AnCHP atur a351.7222bK94i 2007 aKültür ve Turizm Bakanlığı a2007 mali yılı genel ve katma bütçe kanun tasarıları ile 2005 mali yılı genel ve katma bütçe kesin hesap kanunu tasarılarının plan ve bütçe komisyonu görüşme tutanakları  a[Ankara]b[yayl. y.]c2006 a84 s.c23 sm. aKültür ve Turizm Bakanlığı, Devlet Opera ve Balesi Genel Müdürlüğü, Devlet Tiyatroları Genel Müdürlüğü aKültür ve Turizm BakanlığıxBütçe KomisyonuyTutanaklar, 2007